| 000 | 01402nam a22001817a 4500 | ||
|---|---|---|---|
| 999 |
_c63452 _d63452 |
||
| 003 | Ge_BSU | ||
| 005 | 20251013163726.0 | ||
| 008 | 251013s1985 ge ||||| |||| 00| 0 geo d | ||
| 041 | _ageo | ||
| 080 | _a338(479.223) ა-97 | ||
| 245 |
_aაჭარის ასსრ სახალხო მეურნეობის ზოგიერთი დარგის განვითარების სოციალურ-ეკონომიკური პრობლემები : _bნაწ. 3 / _cრედაქტორი: კონსტანტინე ღლონტი; საქართველოს სსრ მეცნიერებათა აკადემია. ბათუმის ნ. ბერძენიშვილის სახელობის სამეცნიერო-კვლევითი ინსტიტუტი. |
||
| 264 |
_aთბილისი : _bმეცნიერება, _c1985. |
||
| 300 |
_a106 გვ.; _b20 სმ. |
||
| 520 | _aსტატიების ბოლოს რეზიუმე რუს. ენაზე. | ||
| 653 | _aადგილობრივი მეურნეობის განვითარება აჭარის ასსრ-ში | ||
| 700 |
_aღლონტი, კონსტანტინე _eრედაქტორი _925875 |
||
| 942 |
_2udc _cᲬᲘᲒᲜᲘ |
||